| 000 | 00636nam a2200169 a 4500 | ||
|---|---|---|---|
| 008 | 120416s1939 ||||||||||||||||| || u | ||
| 050 | _aQD 98.M5 Mel | ||
| 100 | _aDaggett, A. F | ||
| 245 | 1 | 0 | _aSemimicro qualitative analysis of inorganic materials |
| 260 |
_aNew York _bAmerican Book Co _c1939 |
||
| 300 | _axiv, 354p. | ||
| 350 | _a0.00 | ||
| 650 | _aCHEMISTRY, ANALYTIC--QUANTITATIVE | ||
| 650 | 0 | _aCHEMISTRY--HANDBOOKS, MANUALS, ETC | |
| 700 | _aMeldrum, William Burll | ||
| 995 |
_D0.00 _FCBU-MAIN LIBRARY (Kitwe) _H1 _I6.00 _M1 _UAVAILABLE _ZAnnex Low-Usage Collection |
||
| 999 |
_c57306 _d57306 |
||